000 00549nam a22001697a 4500
003 AUA.1
005 20251118175654.0
008 250630b |||||||| |||| 00| 0 eng d
040 _cJTL
100 _aNgoko, Thomas
245 _aOrigin, development and expansion of Seventh-day Adventism in western Kenya, 1906-2022 /
_cThomas Ngoko.
260 _cc2024
300 _axi, 149 leaves :
_bIllustrations :
_c30cm.
610 _aSeventh-day Adventist Church
_zKenya
650 _aChurch history
942 _2aua
_cTHESIS
_hMABTS
_i.N46 2024
999 _c25109
_d25109